00483nam a2200193 a 4500001001300000003000900013005001700022008004100039020001000080082001600090100001600106245003500122260004200157300000800199500003500207505001000242650002100252700001600273nice12345678IN_TiNIC20260116012658.0050524s1983 cana grp 000 0 eng  ac10000a220.15bHAR aHarlow, R E aWhat Next? Primer on Prophecy. aCanadabEvery Day Publications c1983 a95p aincludes index and biblioraphy2 aIndex aBible-Prophecies1 aHarlow, R E